| 000 | 00475nam a2200157Ia 4500 | ||
|---|---|---|---|
| 008 | 230917s9999||||xx |||||||||||||| ||und|| | ||
| 020 | _c₹ 495.00 | ||
| 040 |
_e5017020 _aMAIN |
||
| 041 | _aEnglish | ||
| 082 | _a891.43301741 MK264S | ||
| 100 | _aमधुकान्त | ||
| 245 | 0 | _aशिक्षक-दिवस की कहानियाँ | |
| 260 |
_aलिटरेचर लैण्ड _bनई दिल्ली _c2022 |
||
| 300 | _a120 p. | ||
| 942 | _cBK | ||
| 999 |
_c10926 _d10926 |
||